[Event "AUTO-OPEN-2449"]
[Site "http://www.queenalice.com/game.php?id=974264"]
[Date "2011.8.19"]
[Round "1"]
[White "warlleypianista"]
[Black "JonasAlves"]
[Result "1-0"]
[WhiteElo "2045"]
[BlackElo "1402"]

1. d4 Nc6 2. Nf3 Nf6 3. c4 d5 4. Nc3 dxc4 5. d5 Na5 6. Qa4+ Bd7 7. Qxa5 b6 8.
Qa6 Qc8 9. Qxc4 e6 10. e4 c6 11. d6 Bxd6 12. e5 Be7 13. exf6 gxf6 14. Qg4 Qc7
15. Qg7 Rf8 16. Bh6 1-0

[Event "AUTO-INT-2119"]
[Site "http://www.queenalice.com/game.php?id=974380"]
[Date "2011.8.19"]
[Round "1"]
[White "Gusmao"]
[Black "JonasAlves"]
[Result "1-0"]
[WhiteElo "1567"]
[BlackElo "1470"]

1. e4 e5 2. Qh5 Nf6 3. Qxe5+ Be7 4. Bc4 Nc6 5. Qf4 Bb4 6. c3 Bd6 7. Qg5 Nxe4 8.
Qf5 Qe7 9. Qxf7+ Qxf7 10. Bxf7+ Kxf7 11. d3 Nc5 12. d4 Ne4 13. f3 Ng5 14. Bxg5
h6 15. Bh4 g5 16. Bf2 Be7 17. d5 Ne5 18. Bd4 Bd6 19. Nd2 Nd3+ 20. Ke2 Nxb2 21.
Bxh8 Bf4 22. c4 1-0

[Event "AUTO-INT-2119"]
[Site "http://www.queenalice.com/game.php?id=974381"]
[Date "2011.8.19"]
[Round "1"]
[White "JonasAlves"]
[Black "Gusmao"]
[Result "0-1"]
[WhiteElo "1430"]
[BlackElo "1579"]

1. e4 e5 2. Nc3 Nc6 3. Nf3 Bb4 4. Bb5 Na5 5. Nxe5 c6 6. Ba4 d6 7. Bb3 dxe5 8.
Qf3 Qe7 9. d3 Nxb3 10. cxb3 Qf6 11. a3 Qxf3 12. gxf3 f5 13. Bd2 Bxc3 14. Bxc3
Ne7 15. Bxe5 O-O 16. Bd6 Re8 17. O-O-O Ng6 18. exf5 Bxf5 19. Kb1 Rad8 20. Bc5 b6
21. Rde1 bxc5 22. Kc2 Rxe1 23. Rxe1 Rxd3 24. Re8+ Kf7 25. a4 Kxe8 0-1

[Event "AUTO-INT-2119"]
[Site "http://www.queenalice.com/game.php?id=974394"]
[Date "2011.8.19"]
[Round "1"]
[White "JonasAlves"]
[Black "ams07"]
[Result "0-1"]
[WhiteElo "1567"]
[BlackElo "1328"]

1. e4 e5 2. Nc3 g6 3. Nf3 Nc6 4. d4 Bg7 5. dxe5 Nxe5 6. Bf4 Nc4 7. Bxc4 d6 8.
Qd2 Nf6 9. O-O-O O-O 10. Rhe1 a6 11. Re3 b5 12. Bxb5 axb5 13. Nxb5 Rxa2 14. Kb1
Be6 15. Rd3 Qa8 16. Ra3 Rxa3 17. Nxa3 Nxe4 18. Qd3 Nxf2 19. Bxd6 Nxd3 20. Bxf8
Nf2 21. Rf1 Bxf8 22. Rxf2 Bxa3 23. bxa3 Qxa3 24. Ne1 Qb4+ 25. Kc1 Qxe1+ 26. Kb2
Qxf2 0-1

[Event "AUTO-INT-2119"]
[Site "http://www.queenalice.com/game.php?id=974395"]
[Date "2011.8.19"]
[Round "1"]
[White "ams07"]
[Black "JonasAlves"]
[Result "1-0"]
[WhiteElo "1422"]
[BlackElo "1542"]

1. e4 e5 2. Nf3 Nc6 3. Nc3 Nf6 4. Bb5 Bc5 5. Bxc6 bxc6 6. Nxe5 Bd6 7. Nc4 Bc5 8.
d3 d5 9. Ne5 O-O 10. O-O dxe4 11. dxe4 Re8 12. Nxc6 Qd7 13. Qxd7 Bxd7 14. Na5
Re5 15. Nc4 Re6 16. e5 Ng4 17. Ne4 Bd4 18. Be3 Bxe3 19. fxe3 f5 20. Rxf5 Rf8 21.
Rxf8+ Kxf8 22. Ng5 Nxe5 23. Nxe6+ Bxe6 24. Nxe5 Ke7 25. Nc6+ Kf6 26. Nxa7 Bd5
27. a4 Kf5 28. Nb5 g5 29. Rd1 c6 30. Nd4+ Ke5 31. a5 Be4 32. a6 c5 33. a7 cxd4
34. exd4+ Kd5 35. a8=Q+ Kc4 36. Qxe4 h5 37. d5+ Kc5 38. d6 Kb6 39. d7 Kc7 40.
d8=Q# 1-0

[Event "AUTO-INT-2119"]
[Site "http://www.queenalice.com/game.php?id=974396"]
[Date "2011.8.19"]
[Round "1"]
[White "JonasAlves"]
[Black "McKubik"]
[Result "0-1"]
[WhiteElo "1385"]
[BlackElo "1434"]

1. e4 e5 2. Nf3 Nc6 3. Nc3 Nf6 4. Bb5 a6 5. Bxc6 bxc6 6. O-O Bc5 7. Nxe5 Qe7 8.
Nd3 Bb6 9. e5 Nd5 10. Re1 d6 11. exd6 cxd6 12. Rxe7+ Nxe7 13. Nf4 O-O 14. d4 c5
15. dxc5 dxc5 16. Nfd5 Nxd5 17. Nxd5 Bd8 18. Be3 h6 19. Bxc5 Bb7 20. Bxf8 Kxf8
21. Nb6 Bxb6 22. Qd7 Be4 23. Rd1 Kg8 24. Re1 Bxc2 25. Qc6 Rb8 26. Qxc2 g6 27. a4
Ba5 28. Re5 Bb6 29. Rd5 Re8 30. Qd2 a5 31. h4 h5 32. Qf4 Re1+ 0-1

[Event "AUTO-INT-2119"]
[Site "http://www.queenalice.com/game.php?id=974397"]
[Date "2011.8.19"]
[Round "1"]
[White "McKubik"]
[Black "JonasAlves"]
[Result "1-0"]
[WhiteElo "1461"]
[BlackElo "1445"]

1. e4 e5 2. Nf3 Nc6 3. Nc3 Nf6 4. Bb5 a6 5. Ba4 Bb4 6. Nd5 Nxe4 7. O-O Bc5 8. d3
Nxf2 9. Qe2 Ng4+ 10. Kh1 Qf6 11. Nxf6+ gxf6 12. Bxc6 bxc6 13. Nh4 Ne3 14. Rxf6
Bb7 15. Qh5 O-O-O 16. Qxe5 Nxc2 17. Rb1 Rdf8 18. Bf4 d6 19. Qe7 Nb4 20. Re1 Nxd3
21. Re4 Nxb2 22. Rxf7 Rxf7 23. Qxf7 Kd8 24. Bg5+ 1-0

[Event "Challenge"]
[Site "http://www.queenalice.com/game.php?id=977820"]
[Date "2011.8.27"]
[Round "-"]
[White "sunking"]
[Black "JonasAlves"]
[Result "1-0"]
[WhiteElo "1600"]
[BlackElo "1371"]

1. d4 Nc6 2. d5 Ne5 3. Nc3 e6 4. Nh3 exd5 5. Bf4 d6 6. Bxe5 dxe5 7. Nxd5 Bb4+ 8.
Nxb4 Nf6 9. e3 O-O 10. Bc4 Bg4 11. f3 Bh5 12. Ng5 Re8 13. O-O e4 14. Nxe4 Nxe4
15. g4 Bg6 16. fxe4 Rxe4 17. Qd5 Rxg4+ 18. Kf2 Qh4+ 19. Kf3 Qh3+ 20. Ke2 Rg2+
21. Rf2 Rxf2+ 22. Kxf2 Qxh2+ 23. Kf3 Qh1+ 24. Rxh1 1-0

[Event "Challenge"]
[Site "http://www.queenalice.com/game.php?id=978130"]
[Date "2011.8.28"]
[Round "-"]
[White "sunking"]
[Black "JonasAlves"]
[Result "1-0"]
[WhiteElo "1584"]
[BlackElo "1457"]

1. d4 e5 2. d5 e4 3. e3 d6 4. c4 Nf6 5. Nc3 c5 6. Nb5 Ng4 7. Be2 Qa5+ 8. Bd2 Qb6
9. Bxg4 Bxg4 10. Qxg4 a6 11. Qxe4+ 1-0

[Event "Challenge"]
[Site "http://www.queenalice.com/game.php?id=987915"]
[Date "2011.9.21"]
[Round "-"]
[White "moira"]
[Black "JonasAlves"]
[Result "1-0"]
[WhiteElo "1392"]
[BlackElo "1461"]

1. e4 Nf6 2. Nc3 d5 3. exd5 Nxd5 4. Bb5+ c6 5. Be2 Nxc3 6. bxc3 e5 7. Bd3 Bc5 8.
Nf3 Qe7 9. Qe2 Nd7 10. a3 O-O 11. a4 Re8 12. Ba3 Bxa3 13. Bf5 Bb2 14. Rb1 Qa3
15. Qd3 g6 16. Bxd7 Bxd7 17. Qxd7 Qa2 18. Qxb7 Qxb1+ 19. Ke2 e4 20. Rxb1 Reb8
21. Qxc6 exf3+ 22. Kxf3 Ba3 23. Rb3 Bc1 24. d4 Bd2 25. Ke2 Bf4 26. g3 Bg5 27. h4
Be7 28. Qd7 Kf8 29. d5 Rd8 30. Qc6 1-0

[Event "Challenge"]
[Site "http://www.queenalice.com/game.php?id=992741"]
[Date "2011.10.2"]
[Round "-"]
[White "salvachess"]
[Black "JonasAlves"]
[Result "1-0"]
[WhiteElo "1440"]
[BlackElo "1479"]

1. e4 e5 2. Nf3 Nf6 3. Nc3 Nc6 4. Bc4 Bc5 5. d3 Ng4 6. O-O Nxf2 7. Rxf2 Bxf2+ 8.
Kxf2 O-O 9. Bg5 Qe8 10. Nb5 Rb8 11. Nxc7 b5 12. Nxe8 Rxe8 13. Bd5 Nb4 14. a3
Nxd5 15. exd5 Rb6 16. Qe1 Bb7 17. c4 bxc4 18. dxc4 Rxb2+ 19. Kg1 Rc2 20. Rc1 Ra2
21. Qc3 e4 22. Qb3 Re2 23. Qxb7 exf3 24. gxf3 h6 25. Qxd7 hxg5 26. Qxa7 R8e3 27.
d6 Rxf3 28. d7 Rd2 29. Qc7 Rfd3 30. Qc8+ Kh7 31. c5 Rxd7 32. c6 Rd8 33. Qh3+ Kg6
34. c7 Re8 35. c8=Q Rxc8 36. Qxc8 1-0

[Event "Challenge"]
[Site "http://www.queenalice.com/game.php?id=993152"]
[Date "2011.10.4"]
[Round "-"]
[White "JonasAlves"]
[Black "ipontelo"]
[Result "0-1"]
[WhiteElo "1412"]
[BlackElo "1333"]

1. e4 d5 2. exd5 Qxd5 3. d4 Qe4+ 4. Be3 e5 5. Nc3 Bb4 6. dxe5 Qxe5 7. Qd4 Nc6 8.
Qxe5+ Nxe5 9. O-O-O Nf6 10. Bb5+ c6 11. Ba4 b5 12. Nxb5 cxb5 13. Bxb5+ Ke7 14.
Bf4 Neg4 15. Bf1 Nxf2 0-1

[Event "Challenge"]
[Site "http://www.queenalice.com/game.php?id=995731"]
[Date "2011.10.11"]
[Round "-"]
[White "JonasAlves"]
[Black "Nico27"]
[Result "1-0"]
[WhiteElo "1449"]
[BlackElo "2107"]

1. e4 c5 2. Bc4 d6 3. Qf3 Nf6 4. Bb5+ Nc6 5. e5 dxe5 6. Bxc6+ bxc6 7. Qxc6+ Bd7
8. Qxc5 e4 9. d3 exd3 10. cxd3 e6 11. Qc2 Bd6 12. Nc3 1-0

[Event "Challenge"]
[Site "http://www.queenalice.com/game.php?id=995732"]
[Date "2011.10.11"]
[Round "-"]
[White "JonasAlves"]
[Black "UKopra"]
[Result "1-0"]
[WhiteElo "1423"]
[BlackElo "1685"]

1. e4 c5 2. Bc4 e6 3. Nc3 Nc6 4. Nf3 a6 5. O-O b5 6. Nxb5 axb5 7. Bxb5 Ba6 8.
Bxa6 Rxa6 9. Qe2 Qb6 10. a4 Nf6 11. e5 1-0

[Event "Challenge"]
[Site "http://www.queenalice.com/game.php?id=999650"]
[Date "2011.10.20"]
[Round "-"]
[White "salvachess"]
[Black "JonasAlves"]
[Result "1-0"]
[WhiteElo "1504"]
[BlackElo "1442"]

1. e4 e5 2. Nc3 Bc5 3. Nf3 Nc6 4. Bc4 Nh6 5. O-O O-O 6. d3 Bd4 7. Bxh6 gxh6 8.
Na4 Na5 9. c3 Nxc4 10. dxc4 Bb6 11. c5 1-0